01169nam a2200313 a 45000010008000000030004000080050017000120080041000290100017000700200018000870400018001050430012001230500021001350820015001561000028001712450083001992500012002822600039002943000011003335000020003445040030003646000032003946500061004269060045004879420036005329520135005689520135007039990017008384694798OSt20231108141656.0871005s1981 ii fc b 001 0 eng  a 81903332  c9788194716167 aDLCcDLCdDLC aa-ii---00aHD875b.K87 1981 a330bKUR/W1 aKurup, K. K. N.,d1939-10aWilliam Logan :ba study in the agrarian relations of Malabar /cK.K.N. Kurup. a2nd ed. aCalicut :bScintilla books,c2021. a150p : aIncludes index. aBibliography: p. 125-127.10aLogan, William,d1841-1914. 0aLand tenurexEconomic aspectszIndiazMalabar (District) a7bcbccorignewd3encipf19gy-gencatlg 2ddccBKh330iKUR/Wk330mKUR/W 00102ddc40708ECONOMICSaMESbMEScISLd2024-01-06l0o330 KUR/Wp44482r2024-01-06 13:48:35t2v240.00w2024-01-06yBKzGL47R2 00102ddc40708ECONOMICSaMESbMEScISLd2024-01-06l0o330 KUR/Wp44481r2024-01-06 13:48:35t1v240.00w2024-01-06yBKzGL47R2 c42969d42969